Strategic Brand Management (Record no. 350098)

000 -LEADER
fixed length control field 00431nam a22001697a 4500
003 - CONTROL NUMBER IDENTIFIER
control field OSt
005 - DATE AND TIME OF LATEST TRANSACTION
control field 20180116183007.0
008 - FIXED-LENGTH DATA ELEMENTS--GENERAL INFORMATION
fixed length control field 150810b xxu||||| |||| 00| 0 eng d
020 ## - INTERNATIONAL STANDARD BOOK NUMBER
International Standard Book Number 9788131756898
040 ## - CATALOGING SOURCE
Transcribing agency 0
082 ## - DEWEY DECIMAL CLASSIFICATION NUMBER
Edition number 3rd
Classification number 658.827 KEL 2013
100 ## - MAIN ENTRY--PERSONAL NAME
Personal name Kevin Lane Keller
245 ## - TITLE STATEMENT
Title Strategic Brand Management
Statement of responsibility, etc. Kevin Lane Keller
300 ## - PHYSICAL DESCRIPTION
Extent 695 p.
Other physical details PB
440 ## - SERIES STATEMENT/ADDED ENTRY--TITLE
Title Strategic Brand Management
942 ## - ADDED ENTRY ELEMENTS (KOHA)
Source of classification or shelving scheme
Koha item type Book
Holdings
Withdrawn status Lost status Source of classification or shelving scheme Damaged status Not for loan Collection code Permanent Location Current Location Shelving location Date acquired Total Checkouts Full call number Barcode Date last seen Date last checked out Price effective from Koha item type
            Central Library (CL) Central Library (CL) General Stacks 08/10/2015 3 658.827 KEL 2013 NBS9360 01/13/2020 12/31/2018 08/10/2015 Book
© 2023 Central Library, National University of Sciences and Technology. All Rights Reserved.